| 000 | 01572nam0a2200373 4500 | ||
|---|---|---|---|
| 001 | RU\NLR\BIBL_A\010523338 | ||
| 005 | 201411260504 | ||
| 010 |
_a978-5-398-01036-7 _9500 |
||
| 021 |
_aRU _b2014-64380 _93922 |
||
| 035 | _a(NLR Aleph) 010523338 | ||
| 035 | _a(NILC)LIBNET\0000473631 | ||
| 090 |
_a10223072 _c10223072 |
||
| 100 | _a20141105d2014 km y0rusy50 ca | ||
| 101 | 0 | _arus | |
| 102 | _aRU | ||
| 105 | _aa|||z|||000yy | ||
| 200 | 1 |
_aРуководство по ревизии, наладке и испытанию шахтных подъемных установок _f[В.Р. Бежок и др. _gпод общ. ред. В.А. Корсуна, Г.Д. Трифанова] |
|
| 205 | _aИзд. 4-е, перераб. и доп. | ||
| 210 |
_aПермь _cИзд-во Пермского национального исследовательского политехнического университета _d2014 |
||
| 215 |
_a614 с. _cил. _d25 |
||
| 320 | _aБиблиогр.: с. 599-601 (43 назв.) | ||
| 606 | 1 |
_aРудничные подъемные установки _2nlr_sh1 _2nlr_sh2 _3RU\NLR\AUTH\66554741 |
|
| 675 |
_a622.67 _v3 |
||
| 686 |
_a33.166-53 _vLBC/RL _2rubbk |
||
| 686 | 1 | _aИ166-53 | |
| 702 | 1 |
_aБежок _bВ. Р. _gВиктор Романович _4220 |
|
| 702 | 1 |
_aКорсун _bВ. А. _4340 |
|
| 801 | 0 |
_aRU _bПермская ГОУБ _c20140901 _grcr |
|
| 801 | 1 |
_aRU _bПермская ГОУБ _c20140901 |
|
| 942 | _cBOOK | ||
| 980 | _aNBR | ||
| 980 | _aNB | ||